| 000 | 00391 a2200169 4500 | ||
|---|---|---|---|
| 001 | 49874 | ||
| 020 | _a9788550406015 | ||
| 040 | _cAnchieta - Bela Vista | ||
| 100 | _aMartins, Isabel Minhós | ||
| 240 | 1 | 0 |
_aLá em casa somos... _l |
| 245 | 1 | 0 | _aLá em casa somos... |
| 300 | _a32 | ||
| 362 | 0 | _a2017 | |
| 440 | 1 | _aSESI-SP Editora | |
| 650 | 4 | _aLiteratura infanto-juvenil | |
| 942 | _cBK | ||
| 999 |
_c49874 _d49874 |
||